| 000 | 00506nam a22001697a 4500 | ||
|---|---|---|---|
| 005 | 20251108163330.0 | ||
| 008 | 250721s1986 xx 000 0 ara d | ||
| 082 | 1 | 4 | _a001.42/عبد |
| 100 | 1 | _aعبده، عبد السلام محمد | |
| 245 | 1 | 0 | _aمعالم الطريق إلى البحث و التحقيق / |
| 264 | 1 |
_aالقاهرة : _bدار الكتاب الجامعي، _c1986. |
|
| 300 | _a236ص. | ||
| 650 | 1 | 7 | _aالأبحاث |
| 650 | 1 | 7 | _aالمخطوطات |
| 942 |
_2ddc _cBK |
||
| 999 |
_c39 _d39 |
||